000 00322nam a22001457a 4500
008 210301b ||||| |||| 00| 0 eng d
020 _a9780761922148
041 _aeng
080 _22nd
_a32
082 _a32
100 _a19
101 _aSHP
245 _aEvaluating Research Articles
_cGirden, E.R
942 _2udc
_cBK
999 _c55385
_d55385